Biblioteca y Centro de Documentación

La reforma laboral ante el Tribunal Constitucional (Registro nro. 46875)

Detalles MARC
000 -CABECERA
Longitud fija campo de control 01063naa a2200253 c 4500
001 - NÚMERO DE CONTROL
Número de control 46875
003 - IDENTIFICADOR DE NÚMERO DE CONTROL
Identificador del número de control ES-MaCES
005 - FECHA Y HORA DE LA ÚLTIMA TRANSACCIÓN
Fecha y hora de la última transacción 20160125124840.0
008 - CAMPO FIJO DE DESCRIPCIÓN FIJA--INFORMACIÓN GENERAL
Códigos de información de longitud fija   160104s2015 sp ||||| t||||||| ||spa d
040 ## - FUENTE DE CATALOGACIÓN
Centro catalogador de origen ES-MaCES
Lengua de catalogación spa
Centro transcriptor ES-MaCES
Centro modificado ES-MaCES
100 1# - ENCABEZAMIENTO PRINCIPAL--NOMBRE PERSONAL
9 (RLIN) 18942
Nombre de persona Montoya Melgar, Alfredo
245 13 - MENCIÓN DE TÍTULO
Título La reforma laboral ante el Tribunal Constitucional
Mención de responsabilidad, etc. Alfredo Montoya Melgar
650 #4 - ASIENTO SECUNDARIO DE MATERIA--TÉRMINO DE MATERIA
9 (RLIN) 28292
Término de materia o nombre geográfico como elemento inicial mercado de trabajo
650 #4 - ASIENTO SECUNDARIO DE MATERIA--TÉRMINO DE MATERIA
9 (RLIN) 27166
Término de materia o nombre geográfico como elemento inicial legislación del trabajo
650 #4 - ASIENTO SECUNDARIO DE MATERIA--TÉRMINO DE MATERIA
9 (RLIN) 29892
Término de materia o nombre geográfico como elemento inicial reforma legislativa
650 #4 - ASIENTO SECUNDARIO DE MATERIA--TÉRMINO DE MATERIA
9 (RLIN) 27158
Término de materia o nombre geográfico como elemento inicial derecho constitucional
650 #4 - ASIENTO SECUNDARIO DE MATERIA--TÉRMINO DE MATERIA
9 (RLIN) 27194
Término de materia o nombre geográfico como elemento inicial tribunal constitucional
650 #4 - ASIENTO SECUNDARIO DE MATERIA--TÉRMINO DE MATERIA
9 (RLIN) 28624
Término de materia o nombre geográfico como elemento inicial jurisprudencia
653 10 - TÉRMINO DE INDEXACIÓN--NO CONTROLADO
Término no controlado Derecho del trabajo y Seguridad Social
610 14 - ASIENTO SECUNDARIO DE MATERIA--NOMBRE CORPORATIVO
9 (RLIN) 2999
Nombre de entidad corporativa o nombre de jurisdicción como elemento inicial España
Título de la obra Ley de medidas urgentes para la reforma del mercado laboral
Fecha del congreso o de la firma de un tratado 2012
773 0# - ENTRADA DE DOCUMENTO FUENTE
Itemnumber del ítem fuente 83808
Lugar, editor y fecha de publicación Madrid (Ignacio Ellacuría, 3, 28017) Civitas
Otro identificador del documento 086710
Título Nueva revista española de Derecho del trabajo
Número de control del registro relacionado (ES-MaCES)25060
Parte(s) relacionada(s) n. 180 (oct. 2015) {10040 R. 086710} ;p. 15-26
902 ## - CES. TIPO DE DOCUMENTO
Tipodoc (006$c Sirtex) ART Artículo de revista
942 ## - ELEMENTOS KOHA
Fuente de clasificaión o esquema Clasificación propia del CES
Koha [por defecto] tipo de item Artículos (1982-2017)
Parte de clasificación Derecho del Trabajo y Seguridad Social

No hay ítems disponibles.

© CES, Consejo Económico y Social de España 2021